| 000 | 02286cam a22005653i 4500 | ||
|---|---|---|---|
| 003 | PE-LiUPU | ||
| 005 | 20250731172850.0 | ||
| 008 | 151001t20151983mau b 001 0 eng d | ||
| 020 |
_a1598564897 _q(set) |
||
| 020 |
_a1598564900 _q(volume 2) |
||
| 020 |
_a1598564919 _q(volume 1) |
||
| 020 |
_a9781598564891 _q(set) |
||
| 020 |
_a9781598564907 _q(volume 2) |
||
| 020 |
_a9781598564914 _q(volume 1) |
||
| 035 | _a(Sirsi) i9781598564891 | ||
| 040 |
_aNRM _bspa _cNRM _dOCLCF _dOCLCQ _dPE-LiUPU |
||
| 049 | _aPRUA | ||
| 082 | 0 | 4 |
_a229.9 _bO43 _223 |
| 245 | 0 | 4 |
_aThe Old Testament pseudepigrapha / _cEdited by James H. Charlesworth. |
| 250 | _a4th Hendrickson ed. | ||
| 264 | 1 |
_aPeabody, Massachusetts : _bHendrickson Publishers, _c2015. |
|
| 300 |
_a2 volumes ; _c24 centímetros. |
||
| 336 |
_atext _btxt _2rdacontent |
||
| 337 |
_aunmediated _bn _2rdamedia |
||
| 338 |
_avolume _bnc _2rdacarrier |
||
| 504 | _aIndices : páginas 920-1006 (tomo 2). | ||
| 505 | 0 | 0 |
_gv. 1. _tApocalyptic literature and testaments -- _gv. 2. _tExpansions of the "Old Testament" and legends, wisdom and philosophical literature, prayers, psalms and odes, fragments of lost Judeo-Hellenistic works. |
| 526 | _aSEG42 | ||
| 526 | _aSEG41 | ||
| 526 | _aSEG40 | ||
| 526 | _aSEG39 | ||
| 526 | _aP94 | ||
| 526 | _aP87 | ||
| 526 | _aP86 | ||
| 526 | _aP85 | ||
| 526 | _aP77 | ||
| 526 | _aP76 | ||
| 526 | _aP35 | ||
| 650 | 0 | _alibros apócrifos (Antiguo testamento) | |
| 700 | 1 |
_aCharlesworth, James H., _eeditor. |
|
| 910 |
_jck _bhop _chop _d20160607 |
||
| 942 |
_2ddc _cBOOK |
||
| 949 |
_a229.9 O43 1 _wDEWEY _c1 _i73264 _lCCODEBUL1 _mBUL _p34.97 _r0 _sY _tBOOK _u2016-6-7 _xTEOLOGIA _PP85 _0COMPRA _o.STAFF. Posgrado |
||
| 949 |
_a229.9 O43 2 _wDEWEY _c2 _i73265 _lCCODEBUL1 _mBUL _p34.97 _r0 _sY _tBOOK _u2016-6-7 _xTEOLOGIA _PP85 _0COMPRA _o.STAFF. Posgrado |
||
| 994 |
_aC0 _bPEPRU |
||
| 596 | _a1 | ||
| 999 |
_a229.9 O43 1 _wDEWEY _c9807 _i73264 _f2021-11-9 _g5 _lCCODEBUL1 _mBUL _p34.97 _r0 _sY _tBOOK _u2016-6-7 _xTEOLOGIA _PP85 _0COMPRA _o.STAFF. Posgrado _d9807 |
||
| 999 |
_a229.9 O43 2 _wDEWEY _c2 _i73265 _f2021-11-9 _g5 _lCCODEBUL1 _mBUL _p34.97 _r0 _sY _tBOOK _u2016-6-7 _xTEOLOGIA _PP85 _0COMPRA _o.STAFF. Posgrado |
||
| 980 |
_81 _gALBERTO SANCHEZ Responsable de Automatización |
||